Mindscape: An Antholgy of prose, poetry and short stories/ (Record no. 191834)
[ view plain ]
| 000 -LEADER | |
|---|---|
| fixed length control field | 00514nam a22001697a 4500 |
| 005 - DATE AND TIME OF LATEST TRANSACTION | |
| control field | 20220905152239.0 |
| 010 ## - LCCN (DPL NO) | |
| LC control number | ENG-134898 |
| 020 ## - INTERNATIONAL STANDARD BOOK NUMBER | |
| Terms of availability | 175.00 |
| International Standard Book Number | 978-93-5287-668-6 |
| 035 ## - SYSTEM CONTROL NUMBER | |
| System control number | EN-118430 |
| 037 ## - SOURCE OF ACQUISITION | |
| Source of stock number/acquisition | DBAD/PUB |
| 082 ## - DEWEY DECIMAL CLASSIFICATION NUMBER | |
| Classification number | 883.08 |
| 245 ## - TITLE STATEMENT | |
| Title | Mindscape: An Antholgy of prose, poetry and short stories/ |
| 260 ## - PUBLICATION, DISTRIBUTION, ETC. (IMPRINT) | |
| Date of publication, distribution, etc | 2019 |
| Name of publisher, distributor, etc | Orient Blackswan Private Ltd. |
| Place of publication, distribution, etc | Hyderabad |
| 270 ## - ADDRESS | |
| Address | 3-6-752, Himayatnagar |
| City | Hyderabad |
| Postal code | 500013 |
| 300 ## - PHYSICAL DESCRIPTION | |
| Extent | 194p |
| Dimensions | 22cm(pb) |
| 942 ## - ADDED ENTRY ELEMENTS (KOHA) | |
| Source of classification or shelving scheme | Dewey Decimal Classification |
| Item type | English Books |
| Classification part | 883.08 |
| Call number suffix | MIN |
| Withdrawn status | Lost status | Not for loan | Collection code | Home library | Current library | Date acquired | Source of acquisition | Cost, normal purchase price | Full call number | Barcode | Copy number | Cost, replacement price | Koha item type |
|---|---|---|---|---|---|---|---|---|---|---|---|---|---|
| Non-fiction | Ashok Vihar | Ashok Vihar | 05/09/2022 | DBAD/PUB | 175.00 | 883.08 MIN | EN-118430 | 1 | 175.00 | English Books |
